01487cai a2200349 a 4500003000400000005001700004008004100021020002700062020002600089022001300115040002300128082002000151100002200171245005300193260006100246300002100307500004900328520020400377538003600581650005300617650004400670650003600714650004300750650002800793650003100821650005300852650004400905650003600949653003900985710002101024776009201045OSt20240530110429.0030711s2009 uk g r 0 a2eng c a9781857435405 ( v. 2 ) a9781857435399 ( v.1 ) a00842117 aEG-CaGPLcEG-CaGPL04221a060bREF/GE1 aGladman , Anthony aThe Europa world of learning /cAnthony Gladman a[London?] :bRoutledge, Taylor & Francis Group ,c2009 . a2 vol. ;c28 cm. aTitle from home page (viewed Aug. 23, 2010). aDirectory with profiles of learned societies, museums, libraries, research institutions, and universities worldwide, including names, principal personnel, activities and publications, addresses, etc. aMode of access: World Wide Web. 0aLearned institutions and societiesvDirectories. 0aUniversities and collegesvDirectories. 0aEducation, HighervDirectories. 2aAcademies and institutesxDirectories. 2aSocietiesxDirectories. 2aUniversitiesxDirectories. 4aLearned institutions and societiesxDirectories. 4aUniversities and collegesxDirectories. 4aEducation, HigherxDirectories. aEducationauniversitiesaacademies2 aRoutledge (Firm)08iPrint version:tEuropa world of learningx2165-1965w(DLC) 2006206874w(OCoLC)75958088